Statistics for Country Size - Click Quiz #1

Click here to take the quiz!

General Stats

  • This quiz has been taken 9 times
  • The average score is 10 of 20

Answer Stats

HintAnswer% Correct
Has over 5 million square kilometers of landAustralia
88%
Has over 10 million square kilometers of landRussia
88%
Has over 2 million square kilometers of landAlgeria
75%
Has over 9 million square kilometers of landCanada
75%
Has less than 1 square kilometer of landVatican City
75%
Has over 200,000 square kilometers of landBelarus
63%
Has over 500,000 square kilometers of landThailand
63%
Has over 75,000 square kilometers of landAustria
50%
Has over 1 million square kilometers of landBolivia
50%
Has over 100,000 square kilometers of landIceland
50%
Has over 300,000 square kilometers of landNorway
50%
Has over 50,000 square kilometers of landTogo
50%
Has over 10,000 square kilometers of landLebanon
38%
Has over 2,500 square kilometers of landLuxembourg
38%
Has over 50 square kilometers of landSan Marino
38%
Has over 100 square kilometers of landLiechtenstein
25%
Has over 500 square kilometers of landSaint Lucia
25%
Has over 5,000 square kilometers of landBrunei
13%
Has over 1,000 square kilometers of landComoros
13%
Has over 25,000 square kilometers of landSolomon Islands
13%

Score Distribution

Percentile by Number Answered

Percent of People with Each Score

Your Score History

You have not taken this quiz